000
00248nam a2200097Ia 4500
008
170620s9999 xx 000 0 und d
100
_a
Dhul-Devendra Singh
245
0
_a
Shirir Rachna Kriya Vigyan Mans-Peshi
260
_b
New delhi.Friends Pub
260
_c
1998
300
_a
251
999
_c
27848
_d
27848